[Event "DRUZYNOWE MISTRZOSTWA POLSKI - I LIGA"]
[Site "Ustron"]
[Date "1899-12-30"]
[Round "1.1"]
[White "Szpar, Milosz"]
[Black "Wiewiora, Eneasz"]
[Result "1-0"]
[WhiteTitle "FM"]
[BlackTitle "FM"]
[WhiteElo "2397"]
[BlackElo "2346"]

1. e4 e5 2. Nf3 Nc6 3. Bb5 f5 4. Nc3 fxe4 5. Nxe4 d5 6. Nxe5 dxe4 7. Nxc6 Qg5 8.
Qe2 Nf6 9. Nxa7+ Bd7 10. Bxd7+ Kxd7 11. Qb5+ Qxb5 12. Nxb5 Bc5 13. O-O Rae8 14.
b3 Kc6 15. a4 Rd8 16. h3 Rhf8 17. Rb1 Bb6 18. b4 Rf7 19. Rb3 Bd4 20. d3 Be5 21.
dxe4 Nxe4 22. Re3 Ng3 23. fxg3 Kd5 1-0

[Event "DRUZYNOWE MISTRZOSTWA POLSKI - I LIGA"]
[Site "Ustron"]
[Date "1899-12-30"]
[Round "1.7"]
[White "Kowalski, Igor"]
[Black "Cukrowski, Filip"]
[Result "0-1"]
[WhiteTitle "FM"]
[BlackTitle "FM"]
[WhiteElo "2397"]
[BlackElo "2406"]

1. d4 d5 2. Nf3 e6 3. Bf4 c5 4. c3 Nc6 5. e3 Nf6 6. Nbd2 Bd6 7. Bg3 h5 8. Bb5 Qe7
9. Nb3 Ne4 10. Bxd6 Qxd6 11. Ne5 cxd4 12. exd4 f6 13. Nd3 Bd7 14. f3 Ng5 15. Nbc5
Rb8 16. O-O a6 17. Bxc6 Qxc6 18. Re1 Bc8 19. f4 Ne4 20. Nb4 Qd6 21. Nxe4 dxe4
22. Rxe4 Kf7 23. Qe2 Bd7 24. Re1 Rbe8 25. Qf2 h4 26. Nd3 Qd5 27. b3 Bc6 28. R4e2
h3 29. Qg3 Qf5 30. Nc5 hxg2 31. Nxe6 g6 32. d5 Bxd5 33. Nd4 Rxe2 34. Nxf5 Rxe1+
35. Qxe1 gxf5 36. Qd1 Bc6 37. Qd4 Rh3 38. Qc4+ Kg7 39. Qc5 Rf3 40. Qe7+ Kg6 0-1

[Event "DRUZYNOWE MISTRZOSTWA POLSKI - I LIGA"]
[Site "Ustron"]
[Date "1899-12-30"]
[Round "1.8"]
[White "Pacan-milej, Kosma"]
[Black "Chylewski, Patryk"]
[Result "1-0"]
[WhiteTitle "FM"]
[BlackTitle "FM"]
[WhiteElo "2420"]
[BlackElo "2324"]

1. d4 Nf6 2. c4 e6 3. Nf3 d5 4. Nc3 Bb4 5. Bg5 h6 6. Bxf6 Qxf6 7. Qb3 Bxc3+ 8.
bxc3 dxc4 9. Qxc4 Qe7 10. g3 b6 11. Bg2 Bb7 12. O-O O-O 13. Ne5 Bxg2 14. Kxg2
Rc8 15. e4 c5 16. Rfd1 Nc6 17. Nxc6 Rxc6 18. e5 Qb7 19. d5 Rc7 20. f3 exd5 21.
Qxd5 Qxd5 22. Rxd5 b5 23. Rb1 Rb8 24. f4 a5 25. Kf3 g6 26. Ke4 Rbb7 27. g4 b4
28. c4 a4 29. f5 Rc8 30. fxg6 fxg6 31. Rd6 Kg7 32. Kd5 b3 33. axb3 axb3 34. e6
Kf6 35. Rd7 Rb6 36. h4 g5 37. Rf1+ Kg6 38. h5# 1-0

[Event "DRUZYNOWE MISTRZOSTWA POLSKI - I LIGA"]
[Site "Ustron"]
[Date "1899-12-30"]
[Round "1.9"]
[White "Sanz, Wawer Daniel"]
[Black "Licznerski, Lukasz"]
[Result "0-1"]
[WhiteTitle "FM"]
[BlackTitle "FM"]
[WhiteElo "2325"]
[BlackElo "2377"]

1. e4 c5 2. Nf3 Nc6 3. d4 cxd4 4. Nxd4 g6 5. c4 Bg7 6. Be3 Nf6 7. Nc3 O-O 8. Be2
d6 9. O-O Bd7 10. Qd2 Nxd4 11. Bxd4 Bc6 12. f3 a5 13. b3 Nd7 14. Be3 Nc5 15. Rab1
Qb6 16. Rfc1 Rfc8 17. Rc2 Qd8 18. Bf1 Be5 19. g3 h5 20. Bg2 Kh7 21. Ne2 Qf8 22.
Nd4 Bd7 23. f4 Bg7 24. a3 e5 25. Nb5 Bxb5 26. cxb5 a4 27. b4 Nb3 28. Rxc8 Rxc8
29. Qf2 Rc3 30. Rd1 Nd4 31. Bxd4 exd4 32. Qa2 Qe7 33. b6 d3 34. Qd5 Rxa3 35. Rxd3
Rxd3 36. Qxd3 Qd8 37. Qe3 Bb2 38. Bf1 d5 39. Qd2 a3 40. exd5 Qa8 41. Bc4 a2 42.
Bxa2 Qxa2 43. d6 Qb1+ 0-1

[Event "DRUZYNOWE MISTRZOSTWA POLSKI - I LIGA"]
[Site "Ustron"]
[Date "1899-12-30"]
[Round "1.13"]
[White "Pakleza, Zbigniew"]
[Black "Szwed, Jacek"]
[Result "1/2-1/2"]
[WhiteTitle "GM"]
[BlackTitle "FM"]
[WhiteElo "2503"]
[BlackElo "2380"]

1. d4 d5 2. c4 dxc4 3. e3 b5 4. a4 b4 5. Bxc4 Bb7 6. Nf3 e6 7. a5 a6 8. Nbd2 Nf6
9. O-O Be7 10. Qe2 O-O 11. e4 c5 12. e5 Nfd7 13. Nb3 Nc6 14. Rd1 Qc7 15. Bf4 Nxd4
16. Nfxd4 cxd4 17. Rac1 Nc5 18. Bd3 Rfc8 19. Bb1 g6 20. h4 Bd5 21. Nxc5 Bxc5 22.
h5 Qxa5 23. hxg6 fxg6 24. Qg4 Bf8 25. Bg5 Qa4 26. Bf6 Qd7 27. Qxd4 Rxc1 28. Rxc1
Rc8 29. Rd1 Qf7 1/2-1/2

[Event "DRUZYNOWE MISTRZOSTWA POLSKI - I LIGA"]
[Site "Ustron"]
[Date "1899-12-30"]
[Round "1.14"]
[White "Zylka, Stanislaw"]
[Black "Jakubiec, Artur"]
[Result "1-0"]
[WhiteTitle "FM"]
[BlackTitle "GM"]
[WhiteElo "2377"]
[BlackElo "2463"]

1. d4 f5 2. e4 fxe4 3. Nc3 Nf6 4. Bg5 Nc6 5. d5 Ne5 6. Qe2 Nf7 7. Bxf6 exf6 8.
Nxe4 Bb4+ 9. c3 Be7 10. d6 cxd6 11. O-O-O O-O 12. Ng3 d5 13. Qc2 g6 14. h4 d6
15. h5 f5 16. f4 Qa5 17. hxg6 hxg6 18. Kb1 Bd7 19. Nf3 Bf6 20. Ne2 Kg7 21. Ned4
Rae8 22. Bd3 Rh8 23. g4 fxg4 24. Bxg6 Rxh1 25. Rxh1 Rh8 26. Rg1 Nh6 27. Bh5 Kf8
28. Qg6 Qd8 29. Ne5 dxe5 30. fxe5 Bxe5 31. Rf1+ Ke7 32. Re1 Qf8 33. Qg5+ Kd6 34.
Qxe5+ Kc5 35. Qc7+ 1-0

[Event "DRUZYNOWE MISTRZOSTWA POLSKI - I LIGA"]
[Site "Ustron"]
[Date "1899-12-30"]
[Round "1.16"]
[White "Nowak, Mikolaj"]
[Black "Szoen, Dariusz"]
[Result "1/2-1/2"]
[WhiteTitle "k"]
[BlackTitle "IM"]
[WhiteElo "2279"]
[BlackElo "2407"]

1. d4 Nf6 2. c4 g6 3. Nf3 Bg7 4. e3 O-O 5. Be2 c6 6. O-O d5 7. Nc3 a6 8. b3 Ne4
9. Bb2 Nxc3 10. Bxc3 Bg4 11. h3 Bxf3 12. Bxf3 e6 13. Rc1 Re8 14. a4 Nd7 15. Qd2
f5 16. Ba5 Qb8 17. Rc2 Bf8 18. Bb4 Bd6 19. Rfc1 Nf6 20. cxd5 exd5 21. Bxd6 Qxd6
22. b4 g5 23. g3 f4 24. exf4 gxf4 25. Qxf4 Qxf4 26. gxf4 Re7 27. b5 axb5 28. axb5
cxb5 29. Rc8+ Rxc8 30. Rxc8+ Kf7 31. Rc5 Ke6 32. Rxb5 Kf5 33. Bxd5 Nxd5 34. Rxd5+
Kxf4 35. Rd8 Kf3 36. d5 Ke2 37. d6 Rg7+ 38. Kh2 Kxf2 39. Rf8+ Ke3 40. Re8+ Kf2
1/2-1/2

[Event "DRUZYNOWE MISTRZOSTWA POLSKI - I LIGA"]
[Site "Ustron"]
[Date "1899-12-30"]
[Round "1.18"]
[White "Kucharska, Honorata"]
[Black "Kubicka, Anna"]
[Result "1/2-1/2"]
[WhiteTitle "WFM"]
[BlackTitle "WIM"]
[WhiteElo "2237"]
[BlackElo "2264"]

1. d4 Nf6 2. Nf3 e6 3. g3 c5 4. Bg2 Nc6 5. O-O d5 6. c3 Be7 7. Nbd2 cxd4 8. cxd4
O-O 9. Nb3 b6 10. Ne5 Nxe5 11. dxe5 Nd7 12. f4 Ba6 13. Be3 Rc8 14. Nd4 Bc5 15.
Qd2 Qe7 16. a3 Bxd4 17. Bxd4 Nc5 18. Qe3 Bc4 19. Rad1 Nb3 20. g4 Rfe8 21. Kh1
Nxd4 22. Rxd4 Ba6 23. Qd2 Rc4 24. Rxc4 Bxc4 25. Rd1 Qh4 26. Bf3 Qf2 27. Qd4 Qxd4
28. Rxd4 f6 29. Kg2 Kf7 30. e4 fxe5 31. fxe5 Rd8 32. Kg3 g5 33. Kf2 Ke7 34. Ke3
dxe4 35. Rxd8 Kxd8 36. Bxe4 h6 37. Bf3 Kc7 38. Kd4 Bb5 39. Bd1 Bf1 40. b4 Bg2
41. Be2 Bc6 42. Bc4 Kd7 43. Be2 Ba4 44. Bf3 Bb3 45. Be2 Ba4 46. Bf3 Bb5 47. Bd1
Bf1 48. Bf3 Kc7 49. Bd1 Bg2 50. Ke4 1/2-1/2

[Event "DRUZYNOWE MISTRZOSTWA POLSKI - I LIGA"]
[Site "Ustron"]
[Date "1899-12-30"]
[Round "1.19"]
[White "Plichta, Kamil"]
[Black "Ponizil, Cyril"]
[Result "0-1"]
[WhiteTitle "FM"]
[BlackTitle "IM"]
[WhiteElo "2383"]
[BlackElo "2507"]

1. e4 c5 2. Nf3 e6 3. d3 g6 4. d4 Bg7 5. dxc5 Qa5+ 6. c3 Qxc5 7. Na3 d5 8. Nb5
a6 9. Be3 Qe7 10. Qa4 Nc6 11. Bb6 Rb8 12. Nc7+ Kf8 13. O-O-O dxe4 14. Qxe4 Nf6
15. Qc4 Bh6+ 16. Kb1 Nd7 17. Bd4 Nxd4 18. Qxd4 Qf6 19. Qxf6 Nxf6 20. Rd8+ Kg7
21. Rxh8 Kxh8 22. g4 Nxg4 23. Ne8 Bf4 24. Be2 Bd7 25. Nd4 Nxf2 26. Rf1 Rxe8 27.
Rxf2 e5 28. Bd3 f5 29. Nb3 Be3 30. Re2 Bb6 31. c4 Bc6 32. c5 Bc7 33. Nd2 e4 34.
Bc2 e3 0-1

[Event "DRUZYNOWE MISTRZOSTWA POLSKI - I LIGA"]
[Site "Ustron"]
[Date "1899-12-30"]
[Round "1.20"]
[White "Paszewski, Mateusz"]
[Black "Lewtak, Damian"]
[Result "1/2-1/2"]
[WhiteTitle "FM"]
[BlackTitle "IM"]
[WhiteElo "2275"]
[BlackElo "2377"]

1. e4 e6 2. d4 d5 3. Nc3 Nf6 4. e5 Nfd7 5. Nce2 c5 6. c3 Nc6 7. Nf3 b5 8. Nf4 Rb8
9. Bd3 cxd4 10. cxd4 Qa5+ 11. Bd2 Bb4 12. Rc1 Rb6 13. Bxb4 Qxb4+ 14. Qd2 Bb7 15.
Rc3 a5 16. Be2 Qe7 17. Nd3 b4 18. Rc2 b3 19. axb3 Rxb3 20. O-O O-O 21. Rfc1 Rb6
22. Nc5 Nb4 23. Nxd7 Qxd7 24. Rc5 a4 1/2-1/2

[Event "DRUZYNOWE MISTRZOSTWA POLSKI - I LIGA"]
[Site "Ustron"]
[Date "1899-12-30"]
[Round "1.25"]
[White "Kuzmicz, Krystian"]
[Black "Maciejczak, Jakub"]
[Result "1-0"]
[WhiteTitle "IM"]
[BlackTitle "FM"]
[WhiteElo "2468"]
[BlackElo "2371"]

1. e4 d6 2. g3 g6 3. Bg2 Bg7 4. f4 c5 5. d3 Nc6 6. Nf3 e6 7. O-O Nge7 8. c3 O-O
9. Be3 b6 10. Na3 Bb7 11. Nc2 Qd7 12. Bf2 Rae8 13. Re1 h6 14. Qd2 f5 15. exf5
Nxf5 16. d4 cxd4 17. Nfxd4 Ncxd4 18. Bxd4 Nxd4 19. Nxd4 Bxg2 20. Qxg2 Bxd4+ 21.
cxd4 Rf5 22. Re4 Qf7 23. Rae1 d5 24. R4e3 Qf6 25. Qd2 g5 26. fxg5 hxg5 27. Qd3
Re7 28. Re5 Rxe5 29. Rxe5 Rf7 30. Qe2 Kf8 31. Kg2 g4 32. Rxe6 Qxd4 33. Re5 Rc7
34. a3 a5 35. Re8+ Kg7 36. h3 gxh3+ 37. Kxh3 Rf7 38. Qh5 Qf6 39. Qh8+ Kg6 40.
Rg8+ Kf5 41. Qh5+ Ke4 42. Qe2+ Kd4 43. Rg4+ Kc5 44. Qc2+ Kb5 45. Qd3+ Kc5 46.
b4+ axb4 47. axb4+ 1-0

[Event "DRUZYNOWE MISTRZOSTWA POLSKI - I LIGA"]
[Site "Ustron"]
[Date "1899-12-30"]
[Round "1.26"]
[White "Janaszak, Dawid"]
[Black "Luch, Michal"]
[Result "1/2-1/2"]
[WhiteTitle "FM"]
[BlackTitle "IM"]
[WhiteElo "2356"]
[BlackElo "2389"]

1. d4 Nf6 2. Nf3 e6 3. Bf4 c5 4. e3 Qb6 5. Na3 d5 6. Nb5 Na6 7. a4 Be7 8. c3 O-O
9. Ne5 Ne4 10. Bd3 f6 11. Nf3 Bd7 12. Qc2 Bc6 13. Nc7 Bxa4 14. Rxa4 Nxc7 15. Bxc7
Qxc7 16. Bxe4 dxe4 17. Qxe4 Qb6 18. O-O Rfd8 19. Rb1 Rac8 20. g3 a6 21. Ra2 1/2-1/2

[Event "DRUZYNOWE MISTRZOSTWA POLSKI - I LIGA"]
[Site "Ustron"]
[Date "1899-12-30"]
[Round "1.28"]
[White "Szyszylo, Rafal"]
[Black "Brodowski, Piotr"]
[Result "1-0"]
[WhiteTitle "k"]
[BlackTitle "IM"]
[WhiteElo "2188"]
[BlackElo "2446"]

1. e4 c5 2. Nf3 Nc6 3. Bb5 g6 4. O-O Bg7 5. c3 Nf6 6. Re1 O-O 7. d4 cxd4 8. cxd4
d5 9. e5 Ne4 10. Bxc6 bxc6 11. Be3 Qb6 12. Qc1 Rb8 13. b3 Ba6 14. Nc3 Rfc8 15.
Bh6 Nxc3 16. Bxg7 Kxg7 17. Qxc3 c5 18. Qe3 c4 19. h4 h5 20. Ng5 e6 21. Qf4 Rf8
22. Re3 Qd8 23. Rae1 Qe7 24. Rh3 cxb3 25. axb3 Rbc8 26. g4 hxg4 27. Qxg4 Qb4 28.
Ra1 Qd2 29. h5 Rc1+ 30. Rxc1 Qxc1+ 31. Kh2 Qd2 32. Rf3 Bd3 33. h6+ Kg8 34. h7+
Kg7 35. Nxf7 Be2 36. Qf4 Qxf4+ 37. Rxf4 g5 38. Nxg5 Rxf4 39. Nxe6+ Kxh7 40. Nxf4
1-0

[Event "DRUZYNOWE MISTRZOSTWA POLSKI - I LIGA"]
[Site "Ustron"]
[Date "1899-12-30"]
[Round "1.29"]
[White "Zawadzki, Stanislaw"]
[Black "Kucza, Karol"]
[Result "1-0"]
[WhiteTitle "IM"]
[BlackTitle "FM"]
[WhiteElo "2435"]
[BlackElo "2285"]

1. c4 e6 2. Nf3 d5 3. e3 Nf6 4. b3 Bd6 5. Bb2 O-O 6. Be2 b6 7. d3 Bb7 8. Nbd2 Nbd7
9. O-O Qe7 10. a3 c5 11. Re1 Rfd8 12. Qc2 Rac8 13. Rac1 h6 14. Nf1 Ng4 15. Ng3
dxc4 16. bxc4 Nge5 17. Nd2 Qh4 18. h3 Nf6 19. Ndf1 Bb8 20. Bc3 Rd7 21. Red1 Rcd8
22. f4 Neg4 23. Bxg4 Nxg4 24. hxg4 Qxg4 25. Rd2 g5 26. Qd1 Qh4 27. Bf6 Re8 28.
Qh5 e5 29. fxg5 Qxh5 30. Nxh5 Kh7 31. e4 Kg6 32. g4 hxg5 33. Nfg3 Re6 34. Rf1
Ba6 35. Rf5 Bxc4 36. Rxg5+ Kh7 37. Rh2 1-0

[Event "DRUZYNOWE MISTRZOSTWA POLSKI - I LIGA"]
[Site "Ustron"]
[Date "1899-12-30"]
[Round "2.1"]
[White "Kolago, Marcin"]
[Black "Maciejczak, Jakub"]
[Result "1/2-1/2"]
[WhiteTitle "m"]
[BlackTitle "FM"]
[WhiteElo "2342"]
[BlackElo "2371"]

1. c4 c5 2. Nc3 g6 3. g3 Bg7 4. Bg2 Nc6 5. e3 d6 6. Nge2 e5 7. Rb1 Nge7 8. a3 Be6
9. Nd5 O-O 10. b4 cxb4 11. axb4 Rc8 12. Nec3 f5 13. d3 e4 14. dxe4 Ne5 15. O-O
Nxc4 16. Nxe7+ Qxe7 17. Nd5 Qd7 18. Nf4 Bf7 19. Bh3 Rce8 20. exf5 gxf5 21. Qc2
Re5 22. Rd1 Qb5 23. Bf1 Qc6 24. Bd3 Qc8 25. Bxc4 Qxc4 26. Qxc4 Bxc4 27. Bb2 Rb5
28. Bxg7 Kxg7 29. Rxd6 a5 30. Rd7+ Kg8 31. Rd4 Bf7 32. Nd3 a4 33. Ra1 Ra8 34.
Ra3 Rd5 35. f3 b5 36. Kf2 Rad8 37. Rxd5 Bxd5 38. Nc5 Bc4 39. Ke1 Kf7 40. h3 h5
41. Rc3 Ra8 42. Ra3 Rg8 43. Kf2 Rd8 44. Ke1 Rg8 45. Kf2 Rd8 1/2-1/2

[Event "DRUZYNOWE MISTRZOSTWA POLSKI - I LIGA"]
[Site "Ustron"]
[Date "1899-12-30"]
[Round "2.2"]
[White "Janaszak, Dawid"]
[Black "Wiewiora, Eneasz"]
[Result "1/2-1/2"]
[WhiteTitle "FM"]
[BlackTitle "FM"]
[WhiteElo "2356"]
[BlackElo "2346"]

1. d4 d5 2. Nf3 Nf6 3. Bf4 c5 4. e3 Nc6 5. Nbd2 cxd4 6. exd4 Bg4 7. c3 e6 8. Qb3
Qc8 9. Be2 Be7 10. O-O O-O 11. h3 Bh5 12. Rfe1 a6 13. a4 Re8 14. Bf1 Bg6 15. Qa2
Ne4 16. Nxe4 Bxe4 17. Nd2 Bg6 18. a5 h6 19. b4 Bf6 20. Rac1 e5 21. dxe5 Nxe5 22.
Bxe5 Bxe5 23. g3 Qc6 24. Bg2 Qf6 25. Qxd5 Bxc3 26. Ne4 Bxe4 27. Rxe4 Rxe4 1/2-1/2

[Event "DRUZYNOWE MISTRZOSTWA POLSKI - I LIGA"]
[Site "Ustron"]
[Date "1899-12-30"]
[Round "2.3"]
[White "Rawicz, Karol"]
[Black "Dudzinski, Pawel"]
[Result "1/2-1/2"]
[WhiteTitle "FM"]
[BlackTitle "FM"]
[WhiteElo "2225"]
[BlackElo "2199"]

1. e4 c6 2. Nc3 d5 3. d4 g6 4. Nf3 Bg7 5. Bd3 Bg4 6. Be3 Nf6 7. e5 Nfd7 8. h3 Bxf3
9. Qxf3 e6 10. O-O-O b5 11. h4 b4 12. Ne2 c5 13. h5 cxd4 14. hxg6 hxg6 15. Nxd4
Nxe5 16. Bb5+ Nbd7 17. Rxh8+ Bxh8 18. Qh3 Qf6 1/2-1/2

[Event "DRUZYNOWE MISTRZOSTWA POLSKI - I LIGA"]
[Site "Ustron"]
[Date "1899-12-30"]
[Round "2.5"]
[White "Sapeta, Robert"]
[Black "Kucza, Karol"]
[Result "0-1"]
[WhiteTitle "I++"]
[BlackTitle "FM"]
[WhiteElo "1882"]
[BlackElo "2285"]

1. e4 e5 2. Nf3 Nc6 3. Bb5 a6 4. Bxc6 dxc6 5. d4 exd4 6. Qxd4 Qxd4 7. Nxd4 Bd7
8. Be3 O-O-O 9. Nd2 c5 10. N4b3 b6 11. a4 a5 12. O-O Re8 13. Rfe1 g6 14. Bf4 Bg7
15. Nc4 Ne7 16. Be5 f6 17. Bg3 Nc6 18. c3 f5 19. Nbd2 Bh6 20. f3 Be6 21. exf5
Bxf5 22. Ne4 Re6 23. h4 Rhe8 24. Ng5 Rxe1+ 25. Rxe1 Rxe1+ 26. Bxe1 Bxg5 27. hxg5
Bc2 28. Ne3 Bxa4 29. Nd5 Ne5 30. Nf6 Nd3 31. Bd2 Nxb2 32. Nxh7 Nc4 33. Bc1 Bc2
34. g4 a4 35. f4 a3 36. Bxa3 Nxa3 37. Nf8 Nc4 38. f5 Ne5 39. Kf1 gxf5 40. g6 fxg4
41. g7 Bb3 0-1

[Event "DRUZYNOWE MISTRZOSTWA POLSKI - I LIGA"]
[Site "Ustron"]
[Date "1899-12-30"]
[Round "2.6"]
[White "Czerwinska, Milena"]
[Black "Marcinczyk, Monika"]
[Result "1/2-1/2"]
[WhiteTitle "WFM"]
[BlackTitle "WCM"]
[WhiteElo "2010"]
[BlackElo "1934"]

1. e4 c5 2. Nf3 Nc6 3. d4 cxd4 4. Nxd4 g6 5. Nc3 Bg7 6. Be3 Nf6 7. Bc4 Qa5 8. O-O
O-O 9. Bb3 d6 10. h3 Bd7 11. Nf3 Rfd8 12. Qe2 Ne5 13. Rad1 Bc6 14. Bf4 Nh5 15.
Bxe5 Bxe5 16. Nxe5 Qxe5 17. Qc4 e6 18. Qd4 Qg5 19. Rd3 b5 20. a3 a5 21. Ne2 Qc5
22. Rfd1 Rdc8 23. c3 Qxd4 24. Rxd4 Nf6 25. f3 d5 26. e5 Nd7 27. f4 Rab8 28. Nc1
Nc5 29. Bc2 Rc7 30. Nd3 Ne4 31. Nf2 Ng3 32. Bd3 Rcb7 33. Kh2 Nh5 34. g4 Ng7 35.
Rc1 Bd7 36. b4 axb4 37. cxb4 Ra8 38. Rc3 Rba7 39. Rc5 Rb7 40. Rc3 Rba7 41. Rc5
Rb7 1/2-1/2

[Event "DRUZYNOWE MISTRZOSTWA POLSKI - I LIGA"]
[Site "Ustron"]
[Date "1899-12-30"]
[Round "2.7"]
[White "Ponizil, Cyril"]
[Black "Kuzmicz, Krystian"]
[Result "0-1"]
[WhiteTitle "IM"]
[BlackTitle "IM"]
[WhiteElo "2507"]
[BlackElo "2468"]

1. e4 e6 2. d4 d5 3. e5 c5 4. c3 Qb6 5. a3 Bd7 6. b4 cxd4 7. cxd4 Bb5 8. Bxb5+
Qxb5 9. Nc3 Qc6 10. Bd2 Nd7 11. Na4 Nb6 12. Nxb6 Qxb6 13. Rc1 Ne7 14. Ne2 Nc6
15. O-O Be7 16. Be3 a5 17. Qa4 O-O 18. b5 Na7 19. Rb1 Rfc8 20. Rfc1 Rxc1+ 21.
Nxc1 Qd8 22. Nd3 Nc8 23. Qb3 a4 24. Qc3 Nb6 25. Nc5 Rc8 26. Qa5 Ra8 27. Qc3 Qc8
28. Rb4 h6 29. g3 Kf8 30. Qd3 Kg8 31. h4 h5 32. Qc3 g6 33. Bg5 Bf8 34. Qf3 Nc4
35. Rxa4 Rxa4 36. Nxa4 Nxa3 37. b6 Nc2 38. Qd1 Qc6 39. Nb2 Qc3 40. Na4 Qc6 41.
Nb2 Ba3 42. Nd3 Nxd4 43. Nf4 Qc1 44. Qxc1 Bxc1 45. Nd3 Ba3 46. Be3 Nb3 47. Kf1
d4 48. Bg5 Nc5 49. Nf4 Nd7 50. Nd3 Nxb6 51. Ke2 Nd7 52. f3 Nc5 53. Nf4 Bb2 54.
Be7 b6 55. Nd3 Nxd3 56. Kxd3 Bc3 57. g4 b5 58. Bc5 Be1 59. Be7 Bc3 60. Bd6 Kh7
61. Be7 Kg7 62. Bc5 f6 63. Bd6 Kf7 64. exf6 Kxf6 65. Bg3 b4 66. Kc4 e5 67. Bf2
Ke6 68. Bg3 hxg4 69. fxg4 e4 70. h5 gxh5 71. gxh5 d3 72. Kd4 Ke5+ 0-1

[Event "DRUZYNOWE MISTRZOSTWA POLSKI - I LIGA"]
[Site "Ustron"]
[Date "1899-12-30"]
[Round "2.8"]
[White "Butkiewicz, Lukasz"]
[Black "Paszewski, Mateusz"]
[Result "1/2-1/2"]
[WhiteTitle "IM"]
[BlackTitle "FM"]
[WhiteElo "2393"]
[BlackElo "2275"]

1. e4 c5 2. Nf3 Nc6 3. d4 cxd4 4. Nxd4 Nf6 5. Nc3 e6 6. Nxc6 bxc6 7. e5 Nd5 8.
Ne4 Bb7 9. c4 Nb4 10. c5 Qb8 11. f4 Ba6 12. a3 Bxf1 13. Rxf1 Nd5 14. Qd4 Be7 15.
f5 exf5 16. Rxf5 O-O 17. Bg5 Bxg5 18. Rxg5 Qb3 19. Rg3 Qc2 20. Kf1 Rae8 21. Kg1
Re6 22. Rf1 Rg6 23. Nd6 Qe2 24. Rf2 1/2-1/2

[Event "DRUZYNOWE MISTRZOSTWA POLSKI - I LIGA"]
[Site "Ustron"]
[Date "1899-12-30"]
[Round "2.9"]
[White "Ciesla, Adam"]
[Black "Luch, Michal"]
[Result "1/2-1/2"]
[WhiteTitle "m"]
[BlackTitle "IM"]
[WhiteElo "2294"]
[BlackElo "2389"]

1. e4 c5 2. Nf3 Nc6 3. c3 Nf6 4. e5 Nd5 5. Na3 g6 6. g3 Bg7 7. Bg2 Nc7 8. Qe2 O-O
9. O-O d6 10. exd6 exd6 11. Qd1 d5 12. d4 cxd4 13. Nxd4 Nxd4 14. cxd4 Ne6 15.
Be3 Qb6 16. Nc2 Nc7 17. Qd2 Bf5 18. Nb4 a5 19. Nxd5 Nxd5 20. Bxd5 Rfd8 21. Bg2
Bxd4 22. Bxd4 Rxd4 23. Qe3 Qxb2 24. Bxb7 Rad8 25. Bg2 Rd2 26. Qe7 R8d7 27. Qc5
Rc2 28. Qxa5 Rxf2 29. Rxf2 Qxa1+ 30. Rf1 Qd4+ 31. Kh1 Be6 32. a3 Qb2 33. Qb4 Qe2
34. Qe1 Qa2 35. Qb4 Qe2 36. Qe1 Qc2 37. Qb1 Qc3 38. Qb4 Qe3 39. Qb8+ Kg7 40. Qb2+
Kh6 41. Qb4 Kg7 42. Qb2+ Kg8 43. Qb8+ 1/2-1/2

[Event "DRUZYNOWE MISTRZOSTWA POLSKI - I LIGA"]
[Site "Ustron"]
[Date "1899-12-30"]
[Round "2.10"]
[White "Brodowski, Piotr"]
[Black "Tomaszewski, Roman"]
[Result "1-0"]
[WhiteTitle "IM"]
[BlackTitle "IM"]
[WhiteElo "2446"]
[BlackElo "2206"]

1. c4 Nf6 2. Nc3 c5 3. g3 d5 4. cxd5 Nxd5 5. Bg2 Nc7 6. d3 e5 7. Nf3 Nc6 8. Nd2
Bd7 9. O-O Be7 10. Nc4 O-O 11. Bxc6 Bxc6 12. Nxe5 Be8 13. Be3 b6 14. d4 f6 15.
Nf3 c4 16. Re1 g5 17. Qc2 Kg7 18. Rad1 Bg6 19. Qc1 Nd5 20. Bd2 Re8 21. a3 Bf8
22. h4 h6 23. hxg5 hxg5 24. Nh2 Qd7 25. Nf1 Rad8 26. Nxd5 Qxd5 27. Ne3 Rxe3 28.
Bxe3 Bd6 29. Bxg5 fxg5 30. e4 Qa5 31. Qxc4 Bf7 32. Qd3 Bh5 33. b4 Qa4 34. Rc1
Rf8 35. e5 Be7 36. Rc7 Qe8 37. d5 Kg8 38. d6 Qf7 39. f4 Bg6 40. Qf3 1-0

[Event "DRUZYNOWE MISTRZOSTWA POLSKI - I LIGA"]
[Site "Ustron"]
[Date "1899-12-30"]
[Round "2.11"]
[White "Flis, Jacek"]
[Black "Zawadzki, Stanislaw"]
[Result "1/2-1/2"]
[WhiteTitle "FM"]
[BlackTitle "IM"]
[WhiteElo "2214"]
[BlackElo "2435"]

1. g3 c5 2. Bg2 Nc6 3. Nf3 g6 4. O-O Bg7 5. e4 d6 6. d3 Nf6 7. Nc3 O-O 8. Re1 e5
9. h3 Rb8 10. a4 a6 11. Bg5 h6 12. Be3 b5 13. axb5 axb5 14. Nh2 b4 15. Ne2 Be6
16. Qd2 Kh7 17. f4 Qd7 18. g4 exf4 19. Bxf4 Ne8 20. c3 bxc3 21. bxc3 Rd8 22. Be3
Nc7 23. Nf3 Rfe8 24. d4 Bc4 25. Ng3 d5 26. dxc5 dxe4 27. Qxd7 Rxd7 28. Nd4 Bd5
29. Nxc6 Bxc6 30. Red1 Rxd1+ 31. Rxd1 Bf8 32. Bd4 Na6 33. Rf1 Bd5 34. c6 Bd6 35.
Nxe4 Bxe4 36. Bxe4 Rxe4 37. Rxf7+ Kg8 38. Rg7+ Kf8 39. Rxg6 Be5 40. Bxe5 Rxe5
41. Rxh6 Rc5 42. Rf6+ Kg7 43. Rf3 Nc7 44. Kf2 Rxc6 45. Ke2 Nd5 46. Kd2 Kg6 47.
Kc2 Rc8 48. Kb3 Rb8+ 49. Kc4 Nf6 50. Kd4 Rd8+ 51. Ke5 Re8+ 52. Kd6 Rc8 53. Ke5
Re8+ 54. Kd4 Rd8+ 55. Kc4 Rc8+ 56. Kb3 Rb8+ 57. Kc2 Rc8 58. Rd3 Kg5 59. Rd4 Rh8
60. Rd3 Kf4 61. c4 Ne4 62. Ra3 Ke5 63. Rd3 Kf4 64. Ra3 Ng5 65. c5 Ke5 66. c6 Kd6
67. Ra5 Ne6 68. Rh5 Re8 69. g5 Kxc6 70. h4 Kd6 71. Rh7 Rg8 72. Kd2 Nxg5 1/2-1/2

[Event "DRUZYNOWE MISTRZOSTWA POLSKI - I LIGA"]
[Site "Ustron"]
[Date "1899-12-30"]
[Round "2.12"]
[White "Przezdziecka, Ewa"]
[Black "Lach, Aleksandra"]
[Result "0-1"]
[WhiteTitle "WFM"]
[BlackTitle "WIM"]
[WhiteElo "2166"]
[BlackElo "2188"]

1. d4 d5 2. Nf3 c6 3. c4 e6 4. Nc3 dxc4 5. e3 b5 6. a4 Qb6 7. Nd2 Nf6 8. Be2 Bb7
9. O-O Bb4 10. Na2 Bd6 11. b3 cxb3 12. Qxb3 bxa4 13. Qxa4 Qc7 14. h3 O-O 15. Nc4
Bh2+ 16. Kh1 Ne4 17. Ba3 c5 18. dxc5 Be5 19. Nxe5 Qxe5 20. Bf3 Nxf2+ 21. Rxf2
Qxa1+ 22. Nc1 Bxf3 23. Rxf3 Nc6 24. e4 Rac8 25. Qa6 Nd4 26. Rd3 Rxc5 27. Rxd4
Rxc1+ 28. Kh2 Rh1+ 29. Kg3 Qxd4 0-1

[Event "DRUZYNOWE MISTRZOSTWA POLSKI - I LIGA"]
[Site "Ustron"]
[Date "1899-12-30"]
[Round "2.13"]
[White "Szwed, Jacek"]
[Black "Plichta, Kamil"]
[Result "0-1"]
[WhiteTitle "FM"]
[BlackTitle "FM"]
[WhiteElo "2380"]
[BlackElo "2383"]

1. e4 e5 2. Nc3 Nf6 3. g3 d5 4. exd5 Nxd5 5. Bg2 Be6 6. Nf3 Nc6 7. O-O Be7 8. Re1
Bf6 9. Ne4 O-O 10. Nxf6+ Qxf6 11. h3 Rfe8 12. d3 h6 13. Qe2 Rad8 14. c3 Nb6 15.
Nd2 Bd5 16. Ne4 Qe7 17. Qh5 Nd7 18. g4 Nf6 19. Nxf6+ Qxf6 20. g5 Qe6 21. gxh6
g6 22. h7+ Kh8 23. Qh4 f6 24. d4 Bxg2 25. Kxg2 Ne7 26. dxe5 Nf5 27. Qe4 g5 28.
Kh2 Nh4 29. Qe3 f5 30. Rg1 f4 31. Qe4 Qxe5 32. Qxe5+ Rxe5 33. Rf1 Kxh7 34. a4
Kg6 35. Ra3 Rd3 36. Rb3 Nf3+ 37. Kg2 Ne1+ 38. Kh2 Rd1 39. Rxb7 Nf3+ 40. Kg2 Nh4+
41. Kg1 Ree1 42. Rxe1 Rxe1+ 43. Kh2 Rxc1 44. a5 Rf1 45. a6 Rxf2+ 46. Kg1 Rg2+
47. Kf1 f3 0-1

[Event "DRUZYNOWE MISTRZOSTWA POLSKI - I LIGA"]
[Site "Ustron"]
[Date "1899-12-30"]
[Round "2.14"]
[White "Lewtak, Damian"]
[Black "Zylka, Stanislaw"]
[Result "1/2-1/2"]
[WhiteTitle "IM"]
[BlackTitle "FM"]
[WhiteElo "2377"]
[BlackElo "2377"]

1. Nf3 g6 2. e4 Bg7 3. d4 d6 4. c3 Nf6 5. Bd3 O-O 6. O-O Nc6 7. Re1 e5 8. Nbd2
exd4 9. cxd4 Nh5 10. d5 Nb4 11. Bf1 a5 12. Nc4 Re8 13. h3 Nf6 14. a3 Na6 15. Qc2
Nc5 16. Bd3 Bd7 17. Bg5 Ba4 18. Qb1 h6 19. Bh4 g5 20. Bg3 Qd7 21. Ncd2 Nh5 22.
Bf1 Nxg3 23. fxg3 Qd8 24. Ra2 Bb3 25. Nxb3 Nxb3 26. Qc2 a4 27. Bc4 c6 28. dxc6
bxc6 29. Kh2 Qb6 30. Qd1 Rad8 31. Rf1 Re7 32. h4 1/2-1/2

[Event "DRUZYNOWE MISTRZOSTWA POLSKI - I LIGA"]
[Site "Ustron"]
[Date "1899-12-30"]
[Round "2.15"]
[White "Koziol, Kamil"]
[Black "Budrewicz, Krzysztof"]
[Result "0-1"]
[WhiteTitle "FM"]
[BlackTitle "m"]
[WhiteElo "2296"]
[BlackElo "2227"]

1. e4 c5 2. Nf3 Nc6 3. d4 cxd4 4. Nxd4 e6 5. Nc3 a6 6. Nxc6 bxc6 7. Bd3 d5 8. O-O
Nf6 9. Re1 Be7 10. e5 Nd7 11. Qg4 Kf8 12. Na4 h5 13. Qf4 g5 14. Qe3 Bb7 15. c4
h4 16. h3 Rb8 17. b3 c5 18. cxd5 Bxd5 19. Ba3 g4 20. hxg4 Kg7 21. f4 Bc6 22. Nc3
Qa5 23. Qc1 h3 24. Be4 Bxe4 25. Nxe4 hxg2 26. Nf2 Bh4 27. f5 Rh7 28. Bb2 Kh8 29.
Bc3 Qd8 30. Qf4 Nb6 31. Rad1 Nd5 32. Rxd5 Qxd5 33. g5 Bxg5 34. Qxg5 Rh1+ 35. Nxh1
gxh1=Q+ 36. Kf2 Qdf3# 0-1